| 000 | 00799nam a2200253Ia 4500 | ||
|---|---|---|---|
| 003 | OSt | ||
| 005 | 20220928121553.0 | ||
| 006 | a|||||r|||| 00| 0 | ||
| 007 | ta | ||
| 008 | 220927b |||||||| |||| 00| 0 eng d | ||
| 020 | _c2068.1999999999998 | ||
| 024 | _a110901 | ||
| 037 |
_b1427, 01/02/2011, Kiran Book Service _cTextual |
||
| 040 |
_aSDCL _cSDCL _beng |
||
| 041 |
_2eng _aeng |
||
| 082 | _aB42, P9 | ||
| 100 |
_aMesterton-Gibbons Mike _9453215 |
||
| 245 | 0 | _aPrimer on the calculus of variations and optimal control theory. | |
| 260 |
_aRhode _bIsland American Mathematical Society _c2009 |
||
| 300 |
_axiii,252p. _ccm. |
||
| 650 | _aMathematics | ||
| 942 |
_hB42, P9 _cTEXL _2CC |
||
| 999 |
_c767120 _d767120 |
||